[Listy Arnolda Ipolyiho Františkovi Víťazoslavovi Sasinkovi]

Väčšina listov sa týka spolupráce na schematizme banskobystrickej diecézy; list z r. 1874 školských záležitostí ev. gymnázia v Turč. Sv. Martine; list z r. 1880 kňaza a kanonika Teodora Mózera; list z 1.4.1882 biskupského seminára v Banskej Bystrici

Bibliographic Details
Main Author: Ipolyi, Arnold, 1823-1886 (Author)
Format: Manuscript Book
Language:Latin
PhysicalDescription:20 nečíslovaných strán rukopis, voľné listy 29-34 cm
Published: Pestini In S. Cruce Neosolii 1872-1882
Subjects:

MARC

LEADER 00000ntmaa2200000 a 4500
001 vtls012271118
003 SK-MaSNL
005 20260302075530.0
008 251104i1872 xo || 000 idlat
040 |a SNKLA  |b slo  |c SNKLA  |e AACR2 
041 0 |a lat 
044 |a xo  |c SK  |a hu  |c HU 
080 |a (044)  |2 2011 
080 |a 025.171  |2 2011 
100 1 |a Ipolyi, Arnold,  |d 1823-1886  |4 aut  |9 122794 
245 1 0 |a [Listy Arnolda Ipolyiho Františkovi Víťazoslavovi Sasinkovi]  |c Arnold Ipoly 
260 |a Pestini  |a In S. Cruce  |a Neosolii  |c 1872-1882 
300 |a 20 nečíslovaných strán  |b rukopis, voľné listy  |c 29-34 cm 
500 |a Obsahuje 12 listov 
500 |a Na prvej strane jednotlivých listov hore uprostred poradové čísla 1-12 
500 |a Na prvej strane listu z 18.4.1872 dole číslo 48. s podčiarknutím napísané modrou pastelkou 
500 |a Papierový odtlačok pečate autora: Sigill. Arnold Ipolyi Stummer Dci et ... Eppi Neosoliensis 
520 2 |a Väčšina listov sa týka spolupráce na schematizme banskobystrickej diecézy; list z r. 1874 školských záležitostí ev. gymnázia v Turč. Sv. Martine; list z r. 1880 kňaza a kanonika Teodora Mózera; list z 1.4.1882 biskupského seminára v Banskej Bystrici 
555 0 |a Inventár rukopisov Literárneho archívu Matice slovenskej VI. Archív Slovenského národného múzea. Fondy M 51 - 120. Martin : Matica slovenská 1977 
561 |a Okrúhla pečiatka: Museálna slovenská spoločnosť 
561 |a Okrúhla pečiatka: Matica slovenská Martin Archív literatúry a umenia 
600 1 7 |a Mózer, Teodor,  |d 1841-1920  |2 SNKLA  |9 260806 
610 2 7 |a Katolícka cirkev.  |b Banskobystrická diecéza  |2 SNKKA  |9 196904 
610 2 7 |a Evanjelické a. v. gymnasium v Turčianskom Sv. Martine  |2 SNKKA  |9 184446 
610 2 7 |a Kňazský seminár (Banská Bystrica, Slovensko)  |2 SNKLA  |9 258697 
650 0 7 |a schematizmy  |2 SNKPH  |9 430538 
655 7 |a korešpondencia  |2 SNKPH  |9 60843 
655 7 |a listy  |2 SNKPH  |9 84490 
655 7 |a rukopisy  |2 SNKPH  |9 70548 
700 1 |a Sasinek, František Víťazoslav,  |d 1830-1914  |4 rcp  |9 8180 
752 |a Maďarsko  |d Budapešť-Pešť 
752 |a Slovensko  |d Žiar nad Hronom 
752 |a Slovensko  |d Banská Bystrica 
852 |a SNK  |b Literárny archív 
958 |a MOF 
958 |a LAVD 
999 |c 1169607  |d 1171537 
952 |a SNKLA  |b SNKLA  |c SNKLA_DEP  |y NEVYP  |7 0  |p 17A1230979  |o snkM 90 A 49  |0 0  |1 0  |4 0  |d 2025-02-12  |f 1  |l 0  |r 2026-02-24 21:00:02  |w 2026-02-24